000 00646cam a22002291 4500
001 sa 68007726
003 DLC
005 20260227112525.0
008 890815s1965 ii a 000 1 hino
010 _asa 68007726
035 _a(OCoLC)20179423
040 _aDLC
_cWaU
_dDLC
041 1 _ahin
_htam
050 0 0 _aPL4763.H5
_bD3
110 2 _aDakshiṇa Bhārata Hindī Pracāra Sabhā.
245 1 0 _aTamila kī pratinidhi kahāniyām̐.
260 _c[1965]
300 _a177 p.
_billus.
_c19 cm.
440 0 _aDakshiṇa Bhāratiya sāhitya-mālā,
_v2
500 _aIn Hindi.
650 0 _aShort stories, Tamil
_xTranslations into Hindi.
999 _c82006
_d82006